Science Quiz

Random Science or Astronomy Quiz

Types of celestial bodies? Quiz Stats

 Plays Quiz not verified by Sporcle

Challenge
Share
Tweet
Embed
Score 0/15 Timer 03:00
0 Plays Today
Example Body type % Correct
Uranus, Earth, MarsPlanet
87.8%
Milky way, Sombrero -, Andromeda -Galaxy
81.1%
Sun, Vega, CanopusStar
75.7%
Halley's -, - Encke, Temple 2Comet
74.3%
Ganymede, Oberon, CharonMoon
71.6%
Pluto, Ceres, MakemakeDwarf planet
70.3%
Vesta, Juno, IrisAsteroid
39.2%
Sagittarius A*, BL Lac, Cygnus X-1Black hole
36.5%
Example Body type % Correct
Local group, Virgo -, Coma -Galaxy cluster
29.7%
Crab nebula, Veil nebula, SN 1572 Supernova remenant
28.4%
Dumbbell Nebula, Helix Nebula, Ring NeublaPlanetary Nebula
23%
Bellerophon, Gliese 581 c, HD 209458 bExoplanet
21.6%
Pleiades, Butterfly, M47Open Cluster
20.3%
M13, Mercer 3, M22Globular cluster
20.3%
Sirius, Deneb, Rigil KentaurusMultiple Star
10.8%

You're not logged in!

Compare scores with friends on all Sporcle quizzes.
OR
Log In

You Might Also Like...

Show Comments

Extras

Top Quizzes Today


Score Distribution

Your Account Isn't Verified!

In order to create a playlist on Sporcle, you need to verify the email address you used during registration. Go to your Sporcle Settings to finish the process.

Report this User

Report this user for behavior that violates our Community Guidelines.

Details: